Fifa 22-najwyżej ocenieni piłkarz w swoich klubach - Statystyki

Ogólne statystyki
  • Ten quiz został rozwiązany 225 razy
  • Średni wynik to 18 z 98
Statystyki odpowiedzi
Hint League Odpowiedź % Poprawnych
Liverpool Premier League Mane/Alisson/Van dijk/Salah
94%
Man City Premier League De Bruyne
85%
Man Utd Premier League Ronaldo
85%
Tottenham Premier League Kane
81%
Chelsea Premier League Kante
73%
Real Madryt La Liga Casemiro/Benzema/Courtois
67%
PSG Ligue 1 Messi
64%
Bayern Bundesliga Lewandowski
63%
Leicester Premier League Vardy
55%
Fc Barcelona La Liga Ter Stegen
52%
Borussia Bundesliga Haaland
51%
Atletico Madryt La Liga Oblak
50%
Juventus Serie A Dybala/Szczęsny
49%
Arsenal Premier League Aubameyang
41%
Milan Serie A Ibrahimovic/Kessie/Maignan/Hernandez
40%
Napoli Serie A Insigne/Koulibaly
40%
Crystal Palace Premier League Zaha
36%
Villarreal La Liga Parejo/Moreno
35%
Real Sociedad La Liga Silva/Oyarzabal
35%
Inter Serie A Skriniar/Handanovic
34%
Lazio Serie A Immobile
32%
Wolverhampton Premier League Jimenez
30%
Aston Villa Premier League Martinez
29%
Real Betis La Liga Fekir
27%
Sevilla La Liga Gomez
23%
Monaco Ligue 1 Ben Yedder
22%
West Ham Premier League Soucek
22%
Burnley Premier League Pope
18%
Brentford Premier League Toney
17%
Celta La Liga Aspas
16%
Atalanta Serie A Ilicic
16%
OM Ligue 1 Milik
16%
Borussia Mönchengladbach Bundesliga Sommer
16%
Everton Premier League Digne
15%
Rb Lipsk Bundesliga Gulacsi
15%
Bayern Leverkusen Bundesliga Hradecky
15%
Watford Premier League Sissoko/Sarr/Foster
15%
Sassuolo Serie A Berardi
14%
Ath.Bilbao La Liga Muniain
14%
Norwich City Premier League Rashica/Krul
14%
Southampton Premier League Ward Prowse
14%
Torino Serie A Belotti
13%
Wolfsburg Bundesliga Casteels
13%
Eintracht Frankfurt Bundesliga Kostic
13%
Leeds Premier League Raphinha
13%
Hoffenheim Bundesliga Kramaric
12%
Brighton Premier League Cucurella
11%
Lyon Ligue 1 Lopes
11%
Newcastle Premier League Dubravka
10%
LOSC Ligue 1 Yilmaz/Andre/Jose Fonte
10%
Roma Serie A Spinazzola/Mkhitaryan
8%
Lens Ligue 1 Fofana/Kakuta
7%
Valencia La Liga Gaya
7%
Augsburg Bundesliga Gikiewicz
7%
Union Berlin Bundesliga Kruse
6%
Getafe La Liga Djene/David Soria
5%
Freibrug Bundesliga Gunter/Grifo
5%
Nantes Ligue 1 Lafont
5%
Granada La Liga Machis
5%
Nice Ligue 1 Delort
4%
Udinese Serie A Pereyra
4%
Fiorentina Serie A Torreira
4%
Mallorca La Liga Angel/Jaume Costa
3%
Bologna Serie A Arnautovic
3%
Osasuna La Liga Avila/Ruben Garcia
3%
Hellas Werona Serie A Barak/Miguel Veloso
3%
Venezia Serie A Caldara/Haps
3%
Levante La Liga Campana
3%
Sampdoria Serie A Candreva
3%
Espanyol La Liga Embarba
3%
Köln Bundesliga Hector
3%
Rennes Ligue 1 Laborde
3%
Cadiz La Liga Negredo
3%
Deportivo Alaves La Liga Pacheco
3%
Elche La Liga Perez/Edgar Badia
3%
Montpellier Ligue 1 Savanier
3%
RC Strasbourg Ligue 1 Ajorque
2%
Herta Bundesliga Boateng/Boyata
2%
Girondins Ligue 1 Costil
2%
Cagliari Serie A Cragno
2%
Empoli Serie A Cutrone/tonelli
2%
Clermont Ligue 1 Gastien/Bayo/Zedadka
2%
Saint-Étienne Ligue 1 Khazri/Bouanga
2%
Bielefeld Bundesliga Ortega
2%
Genoa Serie A Sirigu
2%
Mainz Bundesliga St.Juste/Niakhate
2%
Rayo La Liga Unai Lopez
2%
Lorient Ligue 1 Abergel
1%
Brest Ligue 1 Bizot
1%
Troyes Ligue 1 Chavalerin
1%
Bochum Bundesliga Danilo
1%
Stuttgart Bundesliga Endo
1%
Angers Ligue 1 Fulgini
1%
Metz Ligue 1 Oukidja
1%
Stade Reims Ligue 1 Rajkovic
1%
Salernitana Serie A Simy
1%
Greuther Fürth Bundesliga Viergever
1%
Spezia Serie A Zoet
1%
Nie znaleziono quizów pasujących do podanych kryteriów
Rozkład punktacji
Procent ludzi z każdym wynikiem
Percentyl według liczby udzielonych odpowiedzi
Twoja historia wyników
Nie rozwiązałeś tego quizu